एकत्र विचारमंथन (Record no. 435390)

MARC details
000 -LEADER
fixed length control field 00674nam a2200181Ia 4500
008 - FIXED-LENGTH DATA ELEMENTS--GENERAL INFORMATION
fixed length control field 100122s9999 xx 000 0 und d
082 ## - DEWEY DECIMAL CLASSIFICATION NUMBER
Item number 60113
Classification number 370
100 ## - MAIN ENTRY--PERSONAL NAME
Personal name चारी अहिल्या
245 ## - TITLE STATEMENT
Title एकत्र विचारमंथन
260 ## - PUBLICATION, DISTRIBUTION, ETC. (IMPRINT)
Name of publisher, distributor, etc के भि ढवळे
Date of publication, distribution, etc 2001
300 ## - PHYSICAL DESCRIPTION
Extent 110
520 ## - SUMMARY, ETC.
Summary, etc THINKING TOGETHER चा मराठी अनुवाद
620 ## -
-- THINKING TOGETHER चा मराठी अनुवाद
630 ## - SUBJECT ADDED ENTRY--UNIFORM TITLE
Uniform title एकत्र विचारमंथन
700 ## - ADDED ENTRY--PERSONAL NAME
Personal name घैसास दिवाकर अनंत
730 ## - ADDED ENTRY--UNIFORM TITLE
Uniform title एकत्र विचारमंथन
942 ## - ADDED ENTRY ELEMENTS (KOHA)
Koha item type Book
Holdings
Withdrawn status Lost status Damaged status Not for loan Home library Current library Date acquired Cost, normal purchase price Total Checkouts Full call number Barcode Date last seen Cost, replacement price Price effective from Koha item type Public note
        S.V. Pathak Library, Vile Parle S.V. Pathak Library, Vile Parle 08/02/2001 60.00   60113 SVPPARLE-60113 01/25/2010 60.00 01/25/2010 Book Translated NA